| 000 | 01766nam a22002777a 4500 | ||
|---|---|---|---|
| 005 | 2011110307307.0 | ||
| 010 | _aENG-104018 B-457699-703 | ||
| 020 |
_a9788124116579 _c195.00 |
||
| 035 | _aEN-87551 B-457699-703 | ||
| 037 | _bDBAD/PUB | ||
| 037 | _bK.K.Pub/Ven | ||
| 082 | _a005.4203 | ||
| 245 | _aDictionary of internet and web technology | ||
| 260 |
_aNew Delhi _bHar-Anand Publications _c2012 |
||
| 270 |
_aE-49/3, Okhla Industrial Area, Phase-II _bNew Delhi _e110020 |
||
| 300 |
_a207p. _c22cm (pbk) |
||
| 700 | _935668 | ||
| 942 |
_2ddc _cEN _h005.4203 _mDIC |
||
| 999 |
_c58068 _d58068 |
||